| 000 | 01118nam a22002417a 4500 | ||
|---|---|---|---|
| 999 |
_c21973 _d21973 |
||
| 003 | AR-CdUCM | ||
| 008 | 190425b ||||| |||| 00| 0 spa d | ||
| 040 |
_aMUNICIPALIDAD PROVINCIAL DEL CUSCO _cBIBLIOTECA MUNICIPAL DEL CUSCO |
||
| 082 | _aRev.Eco/N°1/1971 | ||
| 110 |
_aUniversidad Nacional de San Antonio Abad del Cusco _915942 |
||
| 245 |
_aRevista de Economía : _bÓrgano del Programa Académico de Economía / |
||
| 260 |
_aCusco : _bGarcilaso, _c1971. |
||
| 300 |
_a424 Páginas. : _c23 cm. |
||
| 440 |
_aRevista de Economía. _nNúmero 1, año 1970/1971 _947025 |
||
| 505 | _aContenido: El estatuó de la asociación mutualista Universitaria Cuzco y su organización administrativo-contable. Jorge Aguirre Villalobos. -- Escritores Peruanos y nuestra economía. Cesar Reinaga Mendívil. -- La Revolución agraria China. Carlos Núñez Anavitarte. | ||
| 650 |
_aAsociación Mutualista _947026 |
||
| 650 |
_aEscritores peruanos _9979 |
||
| 650 |
_aRevolución Agraria _97773 |
||
| 700 |
_aAguirre Villalobos, Jorge _92761 |
||
| 700 |
_aReinaga Mendivil, Cesar _947027 |
||
| 942 |
_2ddc _cPP |
||
| 945 | _avhl | ||